LEADER 00751cam0 2200253 450 001 E600200025068 005 20200826090028.0 010 $a2213015783 100 $a20070205d1985 |||||ita|0103 ba 101 $afre 102 $aIT 200 1 $aMachiavel$fJacques Heers 210 $aParis$cFayard$d1985 215 $a459 p.$cc. geog.$d22 cm 700 1$aHeers$b, Jacques$3A600200025875$4070$0143901 801 0$aIT$bUNISOB$c20200826$gRICA 850 $aUNISOB 852 $aUNISOB$j900$m62939 912 $aE600200025068 940 $aM 102 Monografia moderna SBN 941 $aM 957 $a900$b001995$gSi$d62939$racquisto$1pregresso1$2UNISOB$3UNISOB$420070205120750.0$520200826090028.0$6rovito 996 $aMachiavel$91686947 997 $aUNISOB